Šikovníček špeciál kvízy, lúštenie, krížovky ... : pre deti od 7 rokov

Bibliographic Details
Format: Journal
Language:Slovak
PhysicalDescription:3 zv. ilustr. 25-28 cm pexeso
Published: Bratislava Versa Media 2014-2016
ISSN:1339-5165
Subjects:

MARC

LEADER 00000cas a2200000 a 4500
001 vtls011569394
005 20260408101751.0
008 160725d20142016xo x|p 0 b0slo
022 |a 1339-5165  |y 1337-561x 
040 |a SNK  |b slo  |c SNK  |e AACR2 
041 0 |a slo 
044 |a xo  |c SK 
072 7 |a 793  |x Spoločenské zábavy  |2 konspekt 
072 7 |a 37  |x Výchova a vzdelávanie  |2 konspekt 
080 |a 050  |2 2011 
080 |a (051.053.2)  |2 2011 
080 |a 793  |2 2011 
080 |a 379.8:793/796  |2 2011 
080 |a 745.54  |2 2011 
080 |a 793.7  |2 2011 
080 |a 796.11  |2 2011 
080 |a (084-053.2)  |2 2011 
210 0 |a Šikovníček špec. 
222 0 |a Šikovníček špeciál 
245 0 0 |a Šikovníček špeciál  |b kvízy, lúštenie, krížovky ... : pre deti od 7 rokov 
246 1 3 |a Šikovníček - letný špeciál 
246 1 3 |a Šikovníček - zimný špeciál  |f 1/2016 
260 |a Bratislava  |b Versa Media  |c 2014-2016 
300 |a 3 zv.  |b ilustr.  |c 25-28 cm  |e pexeso 
310 |a Nepravidelne 
362 0 |a Roč. 1, 1 (2014)-roč. 3, č. 1 (2016) 
500 |a Od č. 2/2014 výška formátu 25 cm 
500 |a Č. 1/2014 vydané ako olympijský špeciál pre všetky deti, ktoré rady lúštia 
500 |a ISSN uvedené na dok. patrí podľa národnej agentúry ISSN titulu Sunny speaks english 
500 |a Evidenčné číslo: EV 4887/13 
500 |a Podnázov sa mení: hlavolamy, maľovanky, hádanky, vtipy, hry, súťaže o super ceny 
525 |a Samostatná príloha k: Šikovníček = ISSN 1335-8707 
650 0 7 |a spoločenské zábavy  |2 SNKPH  |9 29766 
650 0 7 |a detské hry  |2 SNKPH  |9 3287 
650 0 7 |a hlavolamy  |2 SNKPH  |9 3312 
650 0 7 |a vystrihovačky  |2 SNKPH  |9 62786 
650 0 7 |a maľovanky  |2 SNKPH  |9 60443 
655 7 |a časopisy pre deti  |2 SNKPH  |9 114921 
772 0 |t Šikovníček  |x 1335-8707  |w vtls008881505 
999 |c 7694  |d 9624 
952 |t č. 1  |a SNK  |b SNK  |y PREZ  |7 0  |p 17A1344111  |o snkČSB 6190/3/2016  |i snk2019/7235  |8 0  |0 0  |1 0  |4 0  |d 2019-03-18  |l 0  |r 2026-02-21 21:51:55  |w 2026-02-21 
952 |t č. 1  |a SNK  |b SNK  |y PREZ  |7 0  |p 17A1344110  |o snkČSB 6190/3/2016 D1  |i snk2019/7236  |8 0  |0 0  |1 0  |4 0  |d 2019-03-18  |l 0  |r 2026-02-21 21:51:55  |w 2026-02-21 
952 |t č. 1-2  |a SNK  |b SNK  |y PREZ  |7 0  |p 17A1100911  |o snkČSB 6190/1/2014  |i snk2016/17757  |8 0  |0 0  |1 0  |4 0  |d 2016-07-26  |l 0  |r 2026-02-21 21:54:32  |w 2026-02-21 
952 |t č. 1-2  |a SNK  |b SNK  |y PREZ  |7 0  |p 17A1100912  |o snkČSB 6190/1/2014 D1  |i snk2016/17759  |8 0  |0 0  |1 0  |4 0  |d 2016-07-26  |l 0  |r 2026-02-21 21:54:32  |w 2026-02-21 
952 |t č. 1  |a SNK  |b SNK  |y PREZ  |7 0  |p 17A1100914  |o snkČSB 6190/2/2015  |i snk2016/17760  |8 0  |0 0  |1 0  |4 0  |d 2016-07-26  |l 0  |r 2026-02-21 21:54:32  |w 2026-02-21 
952 |t č. 1  |a SNK  |b SNK  |y PREZ  |7 0  |p 17A1100915  |o snkČSB 6190/2/2015 D1  |i snk2016/17761  |8 0  |0 0  |1 0  |4 0  |d 2016-07-26  |l 0  |r 2026-02-21 21:54:32  |w 2026-02-21